<?xml version="1.0" encoding="UTF-8"?>
<collection xmlns="http://www.loc.gov/MARC21/slim">
<record>
  <controlfield tag="001">5694</controlfield>
  <controlfield tag="005">20221014153244.0</controlfield>
  <datafield tag="037" ind1=" " ind2=" ">
    <subfield code="a">CTALK-2022-0038</subfield>
  </datafield>
  <datafield tag="100" ind1=" " ind2=" ">
    <subfield code="a">Podladchikova, O.</subfield>
  </datafield>
  <datafield tag="245" ind1=" " ind2=" ">
    <subfield code="a">Energy Distribution of Campfires Observed During May 2020 Solar Orbiter Perihelion Campaign</subfield>
  </datafield>
  <datafield tag="260" ind1=" " ind2=" ">
    <subfield code="c">2021</subfield>
  </datafield>
  <datafield tag="269" ind1=" " ind2=" ">
    <subfield code="c">2021-09-07</subfield>
  </datafield>
  <datafield tag="500" ind1=" " ind2=" ">
    <subfield code="a">Presented on Sept 9 2021 11:00</subfield>
  </datafield>
  <datafield tag="520" ind1=" " ind2=" ">
    <subfield code="a">High resolution observations of the solar corona with the EUI telescope onboard the Solar Orbiter mission during the perihelion campaign at 0.56 AU revealed omnipresent impulsive quiet-un emissions in the 174 A filter, at previously unresolved temporal/spatial scales. Individual brightenings of the smallest linear size till 0.2Mm show temporal variability within tens of seconds. These EUV quiet sun brightenings, which have been nicknamed campfires, appear as individual quiet-Sun events or simultaneous / consecutive clusters situated along quiescent loops, where usually steadier emission is expected. The emission measure varies strongly almost in every pixel during the 260 sec observation time. The thermal energy content of individual impulses is calculated from observed emission enhancements and the derived temperature. EUV telescopes indicates heating events observable in coronal iron lines. The observed energy contents vary in the range 1021−1024 ergs, which is in agreement with the lower limit estimation of Parker’s nanoflare heating scenario. They occupy a thin vertical layer in the solar corona, as determined by triangulation. The observations suggest that the basic unit of impulsive energy release in EUV corona lies in the range of picoflares, 1021−1024 ergs, and may represent a significant part of the missing energy source for coronal heating. Observations were obtained during deep solar minimum, in the absence of any significant flaring activity and active regions.</subfield>
  </datafield>
  <datafield tag="594" ind1=" " ind2=" ">
    <subfield code="a">STCE</subfield>
  </datafield>
  <datafield tag="700" ind1=" " ind2=" ">
    <subfield code="a">Harra, L.</subfield>
  </datafield>
  <datafield tag="700" ind1=" " ind2=" ">
    <subfield code="a">Berghmans, D.</subfield>
  </datafield>
  <datafield tag="700" ind1=" " ind2=" ">
    <subfield code="a">ManyOtherAuthors, X.</subfield>
  </datafield>
  <datafield tag="700" ind1=" " ind2=" ">
    <subfield code="a">Zhukov, A.</subfield>
  </datafield>
  <datafield tag="700" ind1=" " ind2=" ">
    <subfield code="a">Verbeeck, C.</subfield>
  </datafield>
  <datafield tag="700" ind1=" " ind2=" ">
    <subfield code="a">Dolla, L.</subfield>
  </datafield>
  <datafield tag="700" ind1=" " ind2=" ">
    <subfield code="a">Mierla, M.</subfield>
  </datafield>
  <datafield tag="700" ind1=" " ind2=" ">
    <subfield code="a">Katsiyannis, T.</subfield>
  </datafield>
  <datafield tag="700" ind1=" " ind2=" ">
    <subfield code="a">Rodriguez, L.</subfield>
  </datafield>
  <datafield tag="700" ind1=" " ind2=" ">
    <subfield code="a">Kraaikamp, E.</subfield>
  </datafield>
  <datafield tag="700" ind1=" " ind2=" ">
    <subfield code="a">Stegen, K.</subfield>
  </datafield>
  <datafield tag="700" ind1=" " ind2=" ">
    <subfield code="a">D'Huys, E.</subfield>
  </datafield>
  <datafield tag="773" ind1=" " ind2=" ">
    <subfield code="t">16th European Solar Physics Meeting (online)</subfield>
  </datafield>
  <datafield tag="856" ind1="0" ind2=" ">
    <subfield code="f">francis.verbeeck@observatoire.be</subfield>
  </datafield>
  <datafield tag="856" ind1="4" ind2="2">
    <subfield code="a">https://indico.ict.inaf.it/event/794/contributions/9792/</subfield>
  </datafield>
  <datafield tag="856" ind1="4" ind2=" ">
    <subfield code="s">2122590</subfield>
    <subfield code="u">http://publi2-as.oma.be/record/5694/files/EUI_ENERGY_ESPM2021_L.pdf</subfield>
  </datafield>
  <datafield tag="856" ind1="4" ind2=" ">
    <subfield code="s">69137053</subfield>
    <subfield code="u">http://publi2-as.oma.be/record/5694/files/campfires_energy.ppt_CV.pptx</subfield>
  </datafield>
  <datafield tag="856" ind1="4" ind2=" ">
    <subfield code="s">28339</subfield>
    <subfield code="u">http://publi2-as.oma.be/record/5694/files/EUI_ENERGY_ESPM2021_L.jpg?subformat=icon-180</subfield>
    <subfield code="x">icon-180</subfield>
  </datafield>
  <datafield tag="856" ind1="4" ind2=" ">
    <subfield code="s">36168</subfield>
    <subfield code="u">http://publi2-as.oma.be/record/5694/files/EUI_ENERGY_ESPM2021_L.gif?subformat=icon</subfield>
    <subfield code="x">icon</subfield>
  </datafield>
  <datafield tag="906" ind1=" " ind2=" ">
    <subfield code="a">Contributed</subfield>
  </datafield>
  <datafield tag="980" ind1=" " ind2=" ">
    <subfield code="a">CTALKCONT</subfield>
  </datafield>
</record>
</collection>